Statistics for Top 25 Classic Rock Guitarists

Click here to take the quiz!

General Stats

  • This quiz has been taken 318 times
    (314 since last reset)
  • The average score is 15 of 25

Answer Stats

Hint Answer % Correct
Guns N RosesSlash
93%
Led ZeppelinJimmy Page
92%
_____ _____ ExperienceJimi Hendrix
89%
Van HalenEddie Van Halen
88%
Cream/SoloEric Clapton
88%
AC/DCAngus Young
87%
QueenBrian May
84%
Rolling StonesKeith Richards
84%
SantanaCarlos Santana
72%
U2The Edge`
69%
Pink FloydDavid Gilmour
69%
Johnny B GoodeChuck Berry
68%
The WhoPete Townshend
66%
AerosmithJoe Perry
64%
Black SabbathTony Iommi
58%
MetallicaKirk Hammet
55%
EaglesJoe Walsh
49%
______BrothersDuane Allman
49%
BeckJeff Beck
43%
Ozzy OsbourneRandy Rhoads
42%
Texas FloodStevie Ray Vaughan
39%
Surfing With The AlienJoe Satriani
31%
Cliffs Of DoverEric Johnson
28%
Def LeppardPhil Collen
17%
Lynyrd SkynyrdGarry Rosington
2%

Score Distribution

Percentile by Number Answered

Percent of People with Each Score

Your Score History

You have not taken this quiz since the last reset